Elements of differential and integral calculus /
Guardado en:
| Autor Principal: | |
|---|---|
| Otros Autores: | , |
| Formato: | Libro |
| Idioma: | English |
| Publicado: |
Boston :
Ginn,
c1941.
|
| Edición: | Rev. ed. |
| Series: | Mathematical texts for colleges
|
| Materias: | |
| Etiquetas: |
Agregar Etiqueta
Sin Etiquetas, Sea el primero en etiquetar este registro!
|
| LEADER | 00925nam a22002535a 4500 | ||
|---|---|---|---|
| 001 | EUN.eunm006149 | ||
| 005 | 20151202150211.0 | ||
| 008 | 041125s1941####maua##########000#0#eng#d | ||
| 082 | 0 | 4 | |a 517.3 |2 15 |
| 100 | 1 | |a Granville, William Anthony, |d 1863-1943. | |
| 245 | 1 | 0 | |a Elements of differential and integral calculus / |c by William Anthony Granville, Percey F. Smith and William Raymond Longley. |
| 250 | |a Rev. ed. | ||
| 260 | |a Boston : |b Ginn, |c c1941. | ||
| 300 | |a xi, 556 p. : |b il. ; |c 21 cm. | ||
| 490 | 1 | |a Mathematical texts for colleges | |
| 500 | |a Incluye índice. | ||
| 650 | 7 | |a Matemáticas. |2 unbist | |
| 653 | |a Cálculo | ||
| 653 | |a Cálculo diferencial | ||
| 653 | |a Cálculo integral | ||
| 700 | 1 | |a Smith, Percey F. |q (Percey Franklyn), |d 1867-1956. | |
| 700 | 1 | |a Longley, William Raymond, |d 1880-1965. | |
| 830 | 0 | |a Mathematical texts for colleges | |
| 859 | |a AR-BaUNS |b BIB. CENTRAL - Sector C |h 517.3 |i G767-2 |p 92705/986 | ||
